000 01768nam0a2200337 i 4500
001 RU\NLR\BIBL_A\010298647
005 20260406073500.0
010 _a9785227049421
_91500
021 _aRU
_b2014-5888
_9366
035 _a(NILC)RuMoRGB-006738857
035 _a(NLR Aleph) 010298647
090 _a10582077
_c10582077
100 _a20140326d2014 um y0rusy50 ca
101 0 _arus
102 _aRU
105 _ac|||z|||001ey
200 1 _aПисьма и документы, 1917-1922
_e[сборник]
_fЮ. О. Мартов
_gсост. Ю. Г. Фельштинский
_g[вступ. ст., примеч. и указ. д-ров ист. наук Ю.Г. Фельштинского, Г.И. Чернявского]
210 _aМосква
_cЦентрполиграф
_d2014
215 _a542, [1] с.
_cпортр.
_d21
300 _aВ предисл. авт.: Л. Мартов - псевд. Юлия Осиповича Цедербаума. Писал также под псевд. Алексей, Егор, Егоров, Игномус, Берг и др.
320 _aБиблиогр. в тексте примеч. и в подстроч. примеч.
320 _aИмен. указ.: с. 528-539
600 1 _aМартов
_bЮ.О.
_f1873 - 1923
_gЮлий Осипович
_92090155
_3RU\NLR\AUTH\661265159
686 _aФ69(2)422.1
700 1 _8rus
_7ca
_aМартов
_bЛ.
_cполит. деятель
_gЛев
_f1873-1923
_3RU\NLR\AUTH\778975
_9118848
702 1 _4220
_aФельштинский
_bЮ. Г.
_f1956-
_gЮрий Георгиевич
_3RU\NLR\AUTH\770131729
_9131695
801 0 _aRU
_bРГБ
_c20140213
_gRCR
942 _cBOOK
980 _aNBR